<The> Historical and Political Development of Iceland and Its Reserved Approach to European Integration

Dôležitosť diferencovanej integrácie, ktorá bude v budúcnosti v procese európskej integrácie nevyhnutná. Konkrétny prístup severských krajín k otázke európskej integrácie. Príklad Islandu a jeho historický a politický vývoj a možné dôvody vyhradeného prístupu k integrácii do EÚ. Island a jeho rozhod...

Ausführliche Beschreibung

Gespeichert in:
Bibliographische Detailangaben
1. Verfasser: Brocková, Katarína, 1976-
Weitere Verfasser: Chuguryan, Simona, 1977-, Kucharčík, Rudolf, 1977-
Format: Buchkapitel
Sprache:Englisch
Schlagworte:
Tags: Tag hinzufügen
Keine Tags, Fügen Sie das erste Tag hinzu!

MARC

LEADER 00000naa a2200000 4500
001 0271178
005 20240502083821.5
041 0 |a eng 
044 |a MK 
245 1 0 |a <The> Historical and Political Development of Iceland and Its Reserved Approach to European Integration  |c Katarína Brocková, Simona Chuguryan, Rudolf Kucharčík 
520 |a Dôležitosť diferencovanej integrácie, ktorá bude v budúcnosti v procese európskej integrácie nevyhnutná. Konkrétny prístup severských krajín k otázke európskej integrácie. Príklad Islandu a jeho historický a politický vývoj a možné dôvody vyhradeného prístupu k integrácii do EÚ. Island a jeho rozhodnutie nevstúpiť do Európskej únie. 
610 2 0 |a Island 
610 2 0 |a integrácia 
610 2 0 |a identita 
610 2 0 |a rybolov 
610 2 0 |a Európska únia 
100 1 |a Brocková, Katarína, 1976- 
700 1 |a Chuguryan, Simona, 1977- 
700 1 |a Kucharčík, Rudolf, 1977-